000 01351nam a2200313 a 4500
001 45787
003 BD-RjUL
005 20211209054052.0
008 160728s1983 cau b 100 0 eng
020 _a0803919220
035 _a(BD-RjUL)45905
040 _aDLC
_beng
_cDLC
_dDLC
_dLC
041 _aeng
082 0 4 _a305.562
_223
_bLAB 1983
245 0 0 _aLabor in the world social structure /
_cImmanuel Wallerstein, editor.
260 _aBeverly Hills :
_bSage Publications,
_cc1983.
300 _a256 p. ;
_c23 cm.
500 _a"Based on the First U.S.-U.S.S.R. Colloquium on World Labor and Social Change, 1980, under the auspices of the U.S.-U.S.S.R. Commission on Social Sciences and the Humanities, sopnsored by the American Council of Learned Societies and the U.S.S.R. Academy of Sciences."
504 _aIncludes bibliographical references.
650 0 _aLabor
_xCongresses.
_9140046
650 0 _aLabor unions
_xCongresses.
_9140047
700 1 _aWallerstein, Immanuel Maurice,
_d1930-
_9140048
710 2 _aAkademiia nauk SSSR.
_9130403
710 2 _aAmerican Council of Learned Societies.
_9140049
711 2 _aU.S.-U.S.S.R. Colloquium on World Labor and Social Change
_n(1st :,
_d1980 :
_cBinghamton, N.Y.)
_9140050
942 _2ddc
_cBK
999 _c45787
_d45787